<?xml version="1.0" encoding="UTF-8"?><?xml-stylesheet type="text/xsl" href="static/style.xsl"?><OAI-PMH xmlns="http://www.openarchives.org/OAI/2.0/" xmlns:xsi="http://www.w3.org/2001/XMLSchema-instance" xsi:schemaLocation="http://www.openarchives.org/OAI/2.0/ http://www.openarchives.org/OAI/2.0/OAI-PMH.xsd"><responseDate>2026-04-17T05:56:24Z</responseDate><request verb="GetRecord" identifier="oai:www.recercat.cat:2117/76620" metadataPrefix="marc">https://recercat.cat/oai/request</request><GetRecord><record><header><identifier>oai:recercat.cat:2117/76620</identifier><datestamp>2025-07-22T16:37:38Z</datestamp><setSpec>com_2072_1033</setSpec><setSpec>col_2072_452951</setSpec></header><metadata><record xmlns="http://www.loc.gov/MARC21/slim" xmlns:dcterms="http://purl.org/dc/terms/" xmlns:xsi="http://www.w3.org/2001/XMLSchema-instance" xmlns:doc="http://www.lyncode.com/xoai" xsi:schemaLocation="http://www.loc.gov/MARC21/slim http://www.loc.gov/standards/marcxml/schema/MARC21slim.xsd">
   <leader>00925njm 22002777a 4500</leader>
   <datafield ind2=" " ind1=" " tag="042">
      <subfield code="a">dc</subfield>
   </datafield>
   <datafield ind2=" " ind1=" " tag="720">
      <subfield code="a">Font Martínez, Alvaro</subfield>
      <subfield code="e">author</subfield>
   </datafield>
   <datafield ind2=" " ind1=" " tag="260">
      <subfield code="c">2015-03-28</subfield>
   </datafield>
   <datafield ind2=" " ind1=" " tag="520">
      <subfield code="a">El vigent Projecte Final de Grau dels estudis d’Enginyeria de l’Edificació té la intenció de realitzar una proposta de rehabilitació&#xd;
energètica d’un edifici objecte d’estudi, a través de la limitació de les demandes de consum i sobretot, la millora de les&#xd;
condicions de confort de l’usuari. Per tant, és pretén proposar solucions reals a problemes reals existents en els habitatges&#xd;
actuals.&#xd;
Per assolir aquests objectius, es potenciarà l’estalvi energètic a través de mesures i tècniques que puguin provocar una&#xd;
reducció en els valors de consum dels sistemes energètics actuals que composen l’edifici. Per aconseguir aquest estalvi&#xd;
energètic, també serà necessari intervenir en aspectes arquitectònics i constructius de l’envolupament de l’edifici. Un segon&#xd;
objectiu és l’estalvi d’emissions de CO2 que reduirà considerablement la petjada ecològica del conjunt.&#xd;
Aquest anàlisis requereix una radiografia prèvia de les condicions, característiques i paràmetres actuals de l’edifici objecte&#xd;
d’estudi. Es realitzarà una recollida de dades tant a nivell constructiu i arquitectònic, com a nivell in-situ a través d’inspeccions&#xd;
periòdiques i constants. Aquestes dades s’avaluaran posteriorment mitjançant programes informàtics amb els que s’obtindran&#xd;
les demandes de confort. Un cop recollides i avaluades les dades, detectarem les línies d’actuació a seguir i es realitzaran les&#xd;
pertinents propostes d’intervenció. Finalment, sobre aquestes propostes, s’estudiarà la seva viabilitat en balanç de guanys i&#xd;
pèrdues com a conseqüència de la seva implantació.&#xd;
L’edifici objecte d’estudi és una construcció del barri de l’Eixample de Barcelona amb més de 100 anys d’història. Actualment&#xd;
es destina a habitatges i un parell de locals comercials a la seva planta baixa.&#xd;
Amb aquest Projecte Final de Grau es pretén trobar una línia d’actuació possible i real per a habitatges existents per a poderla&#xd;
aplicar o proposar de cara a un futur pròxim en diferents edificis del barri de l’Eixample. Cal dir que donades les&#xd;
circumstàncies i l’accessibilitat a totes les dades requerides per donar exactitud total al treball, aquest Projecte Final de Grau&#xd;
té la intenció d’establir un model d’actuació tipus per als edificis del barri de l’Eixample més que presentar un projecte&#xd;
d’intervenció 100% precís.</subfield>
   </datafield>
   <datafield tag="653" ind2=" " ind1=" ">
      <subfield code="a">Àrees temàtiques de la UPC::Edificació::Rehabilitació d'edificis</subfield>
   </datafield>
   <datafield tag="653" ind2=" " ind1=" ">
      <subfield code="a">Àrees temàtiques de la UPC::Energies::Eficiència energètica</subfield>
   </datafield>
   <datafield tag="653" ind2=" " ind1=" ">
      <subfield code="a">Housing rehabilitation</subfield>
   </datafield>
   <datafield tag="653" ind2=" " ind1=" ">
      <subfield code="a">Energy conservation</subfield>
   </datafield>
   <datafield tag="653" ind2=" " ind1=" ">
      <subfield code="a">Rehabilitació de l'habitatge -- Catalunya -- Barcelona</subfield>
   </datafield>
   <datafield tag="653" ind2=" " ind1=" ">
      <subfield code="a">Energia -- Estalvi -- Catalunya -- Barcelona</subfield>
   </datafield>
   <datafield ind2="0" ind1="0" tag="245">
      <subfield code="a">Rehabilitació energética d’un edifici residencial del barri de l’Eixample de Barcelona</subfield>
   </datafield>
</record></metadata></record></GetRecord></OAI-PMH>